Statistiken für Pokemon 1. Generation Deutsch Rückwärts

Klicken Sie hier um das Quiz zu spielen!

Allgemein

  • Dieses Quiz wurde 75 mal gespielt
  • Das Durchschnittsergebnis liegt bei 75 aus 151

Antwortstatistiken

#Pokemon% Korrekt
151Mew
98%
150Mewtu
93%
144Arktos
86%
148Dragonir
86%
149Dragoran
86%
146Lavados
86%
145Zapdos
86%
147Dratini
84%
142Aerodactyl
77%
143Relaxo
77%
140Kabuto
75%
141Kabutops
75%
138Amonitas
73%
139Amoroso
73%
134Aquana
73%
135Blitza
73%
133Evoli
73%
136Flamara
73%
137Porygon
73%
010Raupy
70%
007Schiggy
70%
008Schillok
70%
009Turtok
70%
001Bisasam
68%
132Ditto
68%
004Glumanda
68%
006Glurak
68%
012Smettbo
68%
016Taubsi
68%
015Bibor
66%
003Bisaflor
66%
002Bisaknosp
66%
005Glutexo
66%
013Hornliu
66%
011Safcon
66%
018Tauboss
66%
021Habitak
64%
014Kokuna
64%
017Tauboga
64%
022Ibitak
61%
025Pikachu
61%
019Rattfratz
61%
027Sandan
61%
131Lapras
59%
026Raichu
59%
020Rattikarl
59%
023Rettan
59%
028Sandamer
59%
024Arbok
57%
130Garados
57%
129Karpador
57%
127Pinsir
57%
125Elektek
55%
126Magmar
55%
032Nidoran
55%
029Nidoran
55%
124Rossana
55%
123Sichlor
55%
128Tauros
55%
034Nidoking
52%
031Nidoqueen
52%
030Nidorina
52%
033Nidorino
52%
122Pantimos
52%
035Piepi
48%
118Goldini
45%
036Pixi
45%
039Pummeluff
45%
116Seeper
45%
120Sterndu
45%
100Voltobal
45%
041Zubat
45%
042Golbat
43%
119Golking
43%
040Knuddeluff
43%
101Lektrobal
43%
056Menki
43%
057Rasaff
43%
117Seemon
43%
121Starmie
43%
037Vulpix
43%
063Abra
41%
048Bluzuk
41%
044Duflor
41%
054Enton
41%
045Giflor
41%
052Mauzi
41%
043Myrapla
41%
046Paras
41%
038Vulnona
41%
050Digda
39%
055
Entoron
39%
058Fukano
39%
064Kadabra
39%
115Kangama
39%
069Knofensa
39%
103Kokowei
39%
049Omot
39%
102Owei
39%
047Parasek
39%
111Rihorn
39%
112Rizeros
39%
065Simsala
39%
053Snobilikat
39%
093Alpollo
36%
059Arkani
36%
051Digdri
36%
094Gengar
36%
066Machollo
36%
092Nebulak
36%
060Quapsel
36%
071Sarzenia
36%
114
Tangela
36%
070Ultrigaria
36%
091Austos
34%
113Chaneira
34%
087Jugong
34%
086Jurob
34%
106Kicklee
34%
074Kleinstein
34%
105Knogga
34%
068Machomei
34%
067Maschock
34%
090Muschas
34%
107Nockchan
34%
095Onix
34%
077Ponita
34%
062Quappo
34%
061Quaputzi
34%
108Schlurp
34%
104Tragosso
34%
085Dodri
32%
084Dodu
32%
079Flegmon
32%
078Gallopa
32%
075Georok
32%
076Geowaz
32%
097Hypno
32%
099Kingler
32%
098Krabby
32%
080Lahmus
32%
081Magnetilo
32%
083Porenta
32%
110Smogmog
32%
109Smogon
32%
072Tentacha
32%
073Tentoxa
32%
096Traumato
32%
082Magneton
30%
088Sleima
30%
089Sleimok
30%

Verteilung der Resultate

Perzentil nach korrekt beantworteten Fragen

Anzahl Personen mit jedem Resultat

Ihre Resultats-Entwicklung

Sie haben dieses Quiz noch nicht gespielt